000 00704nam a2200241 a 4500
001 18968
003 CO-ViMGA
008 141112s2004 ck r 000 u spa d
020 _a9681652223
040 _aCO-ViMGA
_bspa
_cCO-ViMGA
082 0 4 _a611.81 T164c
100 1 _aTapia, Ricardo
_927131
245 1 0 _aLas Celulas de la mente - Ciencia para todos
250 _a2
260 _aMexico :
_bFondo de Cultura Económica; 2001
300 _a155 p.
490 _aLa Ciencia para todos; 30
590 _aForma de adquisición : Compra 2005 - - Precio : 20.700
650 1 4 _aCELULAS CEREBRALES
_927132
650 1 4 _aCEREBRO - FUNCIONAMIENTO
_927133
650 1 4 _aNEURONAS
_927134
942 _2ddc
_cBK
999 _c28159
_d28159